000 01399camaa22003732i 4500
001 12583444
003 EG-GICUC
005 20260514144411.0
008 011107s2002 waua jr 001 0 eng
010 _a 2001056250
020 _a0735614229
020 _a9780735614222
040 _aDLC
_cDLC
_dDLC
_dEG-GICUC
_beng
_erda
082 0 0 _a005.2/76
_221
_bR4185
092 0 4 _221
_a005.2/76
_bR4185
099 _a005.2/76 R4185
100 1 _aRichter, Jeffrey.
_eAuthor.
245 1 0 _aApplied Microsoft.NET framework programming /
_cJeffrey Richter.
264 _aRedmond, Wash. :
_bMicrosoft Press,
_cc2002.
300 _axxxii, 591 page :
_billustration ;
_c24 cm.
336 _atext
_btxt
_2rdacontent
337 _aunmediated
_bn
_2rdamedia
338 _avolume
_bnc
_2rdacarrier
500 _aIncludes index.
504 _aBibliography: pages 557-591.
541 _aوزارة الثقافة ؛
_bالقاهرة ؛
_cإهداء ؛
_d2023.
630 0 0 _aMicrosoft .NET Framework.
650 0 _aInternet programming.
856 4 2 _3Publisher description
_uhttp://www.loc.gov/catdir/enhancements/fy1004/2001056250-d.html
856 4 1 _3Table of contents only
_uhttp://www.loc.gov/catdir/enhancements/fy1009/2001056250-t.html
856 4 2 _3Contributor biographical information
_uhttp://www.loc.gov/catdir/enhancements/fy1105/2001056250-b.html
905 _aSamah
942 _2ddc
_cBK
_e21
_n0
999 _c180163
_d180163